Delitos en litigio La doctrina legal del tribunal supremo en el sexenio revolucionario /

Bibliographic Details
Main Author: Sandoval Parra, Victoria
Format: eBook
Language:Spanish
Published: Madrid: Dykinson, 2022
Subjects:
Online Access:Acceso restringido

MARC

LEADER 00000nam a22000007a 4500
005 20220920005450.0
007 cr|||| |||
008 220920s2022 es |||||s|||| 00||0 spa d
020 |a 978-84-1122-307-2 
035 |a 37090 
040 |a vLex 
090 |c 13962  |d 13962 
100 1 |a Sandoval Parra, Victoria 
245 1 0 |a Delitos en litigio  |h [Recurso electrn̤ico] :  |b La doctrina legal del tribunal supremo en el sexenio revolucionario /  |c Victoria Sandoval Parra 
256 |a Servicio en ln̕ea 
260 |a Madrid:  |b Dykinson,  |c 2022 
300 |a 1 recurso electrn̤ico 
500 |a El pero̕do revolucionario que da lugar al sexenio de la monarqua̕ democrt̀ica y la I Repb︢lica en Espaą tiene un cariz jurd̕ico significativo por muy diversas razones, entre las que sobresalen las que afectan a la organizacin̤ del Estado, a la configuracin̤ de los derechos individuales y a la planta de la administracin̤ de justicia: la promulgacin̤ del decreto de unificacin̤ de fueros de 1868, de la Constitucin̤ de 1869 o de la Ley Orgǹica del Poder Judicial de 1870 son acontecimientos relevantes. En este contexto, el derecho penal experimenta importantes transformaciones, por la va̕ de la profunda reforma que da lugar al Cd̤igo penal de 1870. Pero, adems̀, la regulacin̤ de la casacin̤ criminal este mismo aǫ impulsa el valor de la jurisprudencia del Tribunal Supremo, cuya interpretacin̤ de la ley complementa como fuente del derecho a la ley penal misma y sirve de faro al enjuiciamiento que llevan a cabo los r̤ganos judiciales inferiores, en un proceso de consolidacin̤ de una verdadera doctrina legal. Este estudio analiza los factores de originalidad interpretativa que la doctrina legal del Tribunal Supremo acu,̨̤ resolviendo recursos de casacin̤, durante el sexenio revolucionario, examinando los tipos delictivos y las cuestiones criminales de ejecucin̤, circunstancialidad y participacin̤ que presentaron mayores problemas intelectivos y aplicativos, con la intencin̤ de reflejar la interpretacin̤ prc̀tica que la ley penal suscit ̤en la ms̀ alta justicia y la transformacin̤ de esta acomodacin̤ de la ley a casos concretos en criterios generales de una tp̤ica jurisprudencial penal. 
506 1 |a Disponible solo en los productos indicados  |d vLex Global  |d vLex Global (Academic Edition, excluding Law Schools)  |d vLex Global (U.S. Academic Edition, Law Schools)  |d vLex Global (U.S. Academic Edition, excluding Law Schools)  |d vLex Global (Academic Edition, Law Schools) 
650 0 4 |a Derecho Penal  |z Espaą 
740 0 |a vLex Libros (Servicio en ln̕ea) 
856 4 0 |u https://app.vlex.com/#/sources/37090  |z Acceso restringido 
942 |c BOOK 
999 0 |a Criminal law